000 nam a22 4500
999 _c8979
_d8979
008 180322b ||||| |||| 00| 0 eng d
100 _927047
_aHernando-Malipot, Merlina.
245 _aNo condom distribution yet-DepEd/
_cMerlina Hernando-Malipot.
260 _aPhilippines:
_bManila Bulletin,
_cc2017.
300 _apage 3.
650 0 _927048
_aBirth control.
942 _2ddc
_cPER